000 01380nam0a2200277 i 4500
001 RU\NLR\bibl\803586
005 20240725184300.0
035 _a(NLR Aleph) 000792741
090 _a1131988
_c1131988
100 _a20050525d2000 |||y0rusy50 ca
101 0 _arus
102 _aRU
105 _ay dm |||||
200 1 _aГенри Брактон и трактат "О законах и обычаях Англии"
_e(Из истории полит. мысли ХIII века)
_eавтореф. дис. на соиск. учен. степ. к.ист.н.
_eспец. 07.00.03
_fСвятовец Ольга Александровна
_gС.-петерб. гос. ун-т
210 _aСПб.
_cБ.и.
_d2000
215 _a23 с.
_d21
320 _aБиблиогр.: с.23 (4 назв.)
600 1 _aБрактон
_bГ.
_gГенри
_2psbo
686 _a07.00.03
_2oksvnk
700 1 _aСвятовец
_bО. А.
_gОльга Александровна
_4070
801 0 _aRU
_bNLR
_c20050525
_grcr
801 1 _aRU
_bNLR
_c20050525
901 _eАвторефераты
942 _cBOOK
981 1 0 _a(10) Авторефераты
_b(10) 07.00.00 Исторические науки
_b07.00.03 Всеобщая история (соответствующего периода)